000 00204 a2200097 4500
001 46782
100 _aEehlen R
245 _athe gehlen memories
260 _aLondon
_bCollins
_c
090 _c29876
_d29876
942 _aNUST-CAE
_cM
_c22086
999 _c281855
_d281855